Phân tích các yếu tố ảnh hưởng đến hiệu quả kinh doanh của các quỹ tín dụng nhân dân trên địa bàn tỉnh Trà Vinh Luận văn thạc sĩ. Chuyên ngành: Tài chính - Ngân hàng. Mã ngành: 8340201

Sparad:
Bibliografiska uppgifter
Huvudupphovsman: Nguyễn, Thái Mỹ Anh
Institutionella upphovsmän: Ủy ban Nhân dân tỉnh Trà Vinh, Trường Đại học Trà Vinh
Övriga upphovsmän: Nguyễn Thái Mỹ Anh; Nguyễn Hồng H
Språk:Undetermined
Publicerad: Trà Vinh Trường Đại học Trà Vinh 2019
Ämnen:
Taggar: Lägg till en tagg
Inga taggar, Lägg till första taggen!
Thư viện lưu trữ: Trung tâm Học liệu Trường Đại học Trà Vinh
LEADER 01099nam a2200289Ia 4500
001 TVU_32003
008 210423s9999 xx 000 0 und d
041 |a Vie 
082 |a 332.7 
082 |b A107 
100 |a Nguyễn, Thái Mỹ Anh 
245 0 |a Phân tích các yếu tố ảnh hưởng đến hiệu quả kinh doanh của các quỹ tín dụng nhân dân trên địa bàn tỉnh Trà Vinh 
245 0 |b Luận văn thạc sĩ. Chuyên ngành: Tài chính - Ngân hàng. Mã ngành: 8340201 
245 0 |c Nguyễn Thái Mỹ Anh ; Nguyễn Hồng Hà (hướng dẫn khoa học) 
260 |a Trà Vinh 
260 |b Trường Đại học Trà Vinh 
260 |c 2019 
300 |a viii, 68 tr. 
300 |b minh hoạ 
300 |c 30 cm 
504 |a Thư mục: tr.59-60 
650 |a Tín dụng; Quĩ tín dụng 
700 |a Nguyễn Thái Mỹ Anh; Nguyễn Hồng Hà  
700 |e hướng dẫn khoa học 
710 |a Ủy ban Nhân dân tỉnh Trà Vinh 
710 |b Trường Đại học Trà Vinh 
980 |a Trung tâm Học liệu Trường Đại học Trà Vinh